پسچھم بر د و ا ن کا ا د ب (Record no. 166488)

MARC details
000 -LEADER
fixed length control field 00668nam a22001937a 4500
005 - DATE AND TIME OF LATEST TRANSACTION
control field 20190725122049.0
010 ## - LCCN (DPL NO)
LC control number UR-10284
020 ## - INTERNATIONAL STANDARD BOOK NUMBER
Terms of availability 250.00
International Standard Book Number 9789388356459
035 ## - SYSTEM CONTROL NUMBER
System control number U-8839
037 ## - SOURCE OF ACQUISITION
Source of stock number/acquisition DBAD/PUB
082 ## - DEWEY DECIMAL CLASSIFICATION NUMBER
Classification number 840
100 ## - MAIN ENTRY--PERSONAL NAME
Personal name شا ز يہ فخر
245 ## - TITLE STATEMENT
Title پسچھم بر د و ا ن کا ا د ب
Statement of responsibility, etc شا ز يہ فخر
246 ## - VARYING FORM OF TITLE
Remainder of title Pachim Burdwan Ka Nesaayee Adab (Urdu)
Title proper/short title by Shazia Fakhar
260 ## - PUBLICATION, DISTRIBUTION, ETC. (IMPRINT)
Place of publication, distribution, etc Delhi
Name of publisher, distributor, etc Educational Publishing House
Date of publication, distribution, etc 2018 ء
270 ## - ADDRESS
Address 3191،Vakil Street,Kucha Pandit,Lal Kuan,
City Delhi
Postal code 110006
Telephone number 23216162
Fax number 00911123211540
300 ## - PHYSICAL DESCRIPTION
Extent 192 ص
Dimensions 22 Cm(Hb)
942 ## - ADDED ENTRY ELEMENTS (KOHA)
Source of classification or shelving scheme Dewey Decimal Classification
Item type Urdu Bks
Classification part 840
Call number suffix ش ا ذ
Holdings
Withdrawn status Lost status Not for loan Collection code Home library Current library Date acquired Source of acquisition Cost, normal purchase price Full call number Barcode Copy number Cost, replacement price Koha item type
    Not For Loan Non-fiction D.B.Act.Division D.B.Act.Division 25/07/2019 DBAD/PUB 250.00 840 ش ا ذ U-8839 1 250.00 Urdu Bks

© Delhi Public Library
Hit Counter
free hit counter